000 00391 a2200169 4500
001 172397
020 _a85-7153-049-1
040 _cMagnum
100 _aCampos, Henrique Lizandro Fidélis
240 1 0 _aCarta para a estrela catarina
_lpor
245 1 0 _aCarta para a estrela catarina
300 _a8
362 0 _a1992
440 1 _aRHJ
697 _aLITERATURA INFANTIL
942 _cBK
999 _c172397
_d172397